| 000 | 00947nam a22003131i 4500 | ||
|---|---|---|---|
| 001 | 022527 | ||
| 003 | DO-SdBPM | ||
| 005 | 20250108081855.0 | ||
| 007 | 022527 | ||
| 008 | 920725s1977 sp spa | ||
| 017 |
_a _b |
||
| 020 |
_a 8433912062 _c |
||
| 035 | _a | ||
| 040 |
_aDO-SdBPM _bspa _cBPMSU |
||
| 080 | _a | ||
| 082 | 4 |
_a633.79 _bL697L 1977 _222 |
|
| 240 |
_aThe book of grass _lEspañol |
||
| 245 | 0 | 3 |
_aEl libro de la yerba / _cEditores George Andrews, Simon Vinkenoog.; traducción del inglés, Carlos Trías _h |
| 260 |
_aBarcelona : _bEditorial Anagrama, _c1977 |
||
| 300 |
_a314 p. ; _c22 cm |
||
| 490 | 0 |
_aContraseñas, _v6 |
|
| 590 | _aInventariado, 2025/VM | ||
| 650 | 4 |
_aMarihuana _vEnsayos, conferencias, etc. _2 |
|
| 700 | 1 |
_aAndrews, George _eeditor |
|
| 700 | 1 |
_aVinkenoog, Simón _eeditor |
|
| 700 | 1 |
_aTrías, Carlos _d1946-2007 |
|
| 910 | _aVMateo V. Control de calidad. BPMSU | ||
| 942 |
_2ddc _cBK |
||
| 999 |
_c11364 _d11364 |
||